000 00511nam a2200181Ia 4500
005 20250508152513.0
008 008 250505s9999 xx 000 0 hin d
037 _aTextual
040 _aFEDL
_beng
_cFEDL
041 _ahin
_2eng
084 _a891.22, BHA
_qFEDL
100 _aBhartiya Kanti Kishore
245 0 _aSanskrit natakkar
260 _aUttar Pradesh, India
_bPrakashan Shakha , Suchana Vibhag
_c1959
300 _a256p.
942 _cTEXL
_h891.22, BHA
999 _c1336844
_d1336844